Language and rhythm in Plautus (Record no. 6028)
[ view plain ]
| 000 -LEADER | |
|---|---|
| fixed length control field | 01400nam a2200337Ia 4500 |
| 001 - CONTROL NUMBER | |
| control field | ebr10275811 |
| 003 - CONTROL NUMBER IDENTIFIER | |
| control field | CaPaEBR |
| 006 - FIXED-LENGTH DATA ELEMENTS--ADDITIONAL MATERIAL CHARACTERISTICS--GENERAL INFORMATION | |
| fixed length control field | m u |
| 007 - PHYSICAL DESCRIPTION FIXED FIELD--GENERAL INFORMATION | |
| fixed length control field | cr cn||||||||| |
| 008 - FIXED-LENGTH DATA ELEMENTS--GENERAL INFORMATION | |
| fixed length control field | 080829s2008 gw a sb 001 0 eng d |
| 020 ## - INTERNATIONAL STANDARD BOOK NUMBER | |
| Cancelled/invalid ISBN | 9783110205930 |
| Cancelled/invalid ISBN | 3110205939 |
| 040 ## - CATALOGING SOURCE | |
| Original cataloging agency | CaPaEBR |
| Transcribing agency | CaPaEBR |
| 035 ## - SYSTEM CONTROL NUMBER | |
| System control number | (OCoLC)423705236 |
| 050 14 - LIBRARY OF CONGRESS CALL NUMBER | |
| Classification number | PA6607 |
| Item number | .F67 2008eb |
| 100 1# - MAIN ENTRY--PERSONAL NAME | |
| Personal name | Fortson, Benjamin W. |
| 245 10 - TITLE STATEMENT | |
| Title | Language and rhythm in Plautus |
| Medium | [electronic resource] : |
| Remainder of title | synchronic and diachronic studies / |
| Statement of responsibility, etc | Benjamin W. Fortson IV. |
| 260 ## - PUBLICATION, DISTRIBUTION, ETC. (IMPRINT) | |
| Place of publication, distribution, etc | Berlin ; |
| -- | New York : |
| Name of publisher, distributor, etc | Walter de Gruyter, |
| Date of publication, distribution, etc | c2008. |
| 300 ## - PHYSICAL DESCRIPTION | |
| Extent | xii, 301 p. : |
| Other physical details | ill. |
| 490 1# - SERIES STATEMENT | |
| Series statement | Sozomena ; |
| Volume number/sequential designation | v. 3 |
| 504 ## - BIBLIOGRAPHY, ETC. NOTE | |
| Bibliography, etc | Includes bibliographical references (p. [271]-288) and index. |
| 533 ## - REPRODUCTION NOTE | |
| Type of reproduction | Electronic reproduction. |
| Place of reproduction | Palo Alto, Calif. : |
| Agency responsible for reproduction | ebrary, |
| Date of reproduction | 2009. |
| Note about reproduction | Available via World Wide Web. |
| -- | Access may be limited to ebrary affiliated libraries. |
| 600 10 - SUBJECT ADDED ENTRY--PERSONAL NAME | |
| Personal name | Plautus, Titus Maccius |
| General subdivision | Versification. |
| Personal name | Plautus, Titus Maccius |
| General subdivision | Language. |
| Personal name | Plautus, Titus Maccius |
| General subdivision | Criticism and interpretation. |
| 650 #0 - SUBJECT ADDED ENTRY--TOPICAL TERM | |
| Topical term or geographic name as entry element | Latin language |
| General subdivision | Prosodic analysis. |
| 655 #7 - INDEX TERM--GENRE/FORM | |
| Genre/form data or focus term | Electronic books. |
| Source of term | local |
| 710 2# - ADDED ENTRY--CORPORATE NAME | |
| Corporate name or jurisdiction name as entry element | ebrary, Inc. |
| 830 #0 - SERIES ADDED ENTRY--UNIFORM TITLE | |
| Uniform title | Sozomena (Berlin, Germany) ; |
| Volume number/sequential designation | v. 3. |
| 856 40 - ELECTRONIC LOCATION AND ACCESS | |
| Uniform Resource Identifier | <a href="http://site.ebrary.com/lib/rucke/Doc?id=10275811">http://site.ebrary.com/lib/rucke/Doc?id=10275811</a> |
| Public note | An electronic book accessible through the World Wide Web; click to view |
No items available.
